| 000 | 00712cam a22002413a 4500 | ||
|---|---|---|---|
| 001 | 33412 | ||
| 003 | PGUSA | ||
| 005 | 20140828083725.0 | ||
| 008 | 100812s2010||||xxu|||||s|||||000 | eng d | ||
| 040 |
_aPGUSA _beng |
||
| 042 | _adc | ||
| 050 | 4 | _aQH | |
| 100 | 1 |
_aFitch, Henry S. _q(Henry Sheldon), _d1909-2009 |
|
| 245 | 1 | 0 |
_aObservations on the Mississippi Kite in Southwestern Kansas _h[electronic resource] / _cHenry S. Fitch |
| 260 |
_bProject Gutenberg, _c2010 |
||
| 506 | _aPublic domain in the USA. | ||
| 516 | _aElectronic text | ||
| 653 | _aMississippi kite | ||
| 653 | _aBirds -- Kansas | ||
| 830 | 0 |
_aProject Gutenberg _v33412 |
|
| 856 | 4 | 0 | _uhttp://www.gutenberg.org/ebooks/33412 |
| 942 | _cEB | ||
| 999 |
_c262667 _d262667 |
||